William Shakespeare and the Human Dilemma (Record no. 1781)
[ view plain ]
| 000 -LEADER | |
|---|---|
| fixed length control field | 00340nam a22001217a 4500 |
| 008 - FIXED-LENGTH DATA ELEMENTS--GENERAL INFORMATION | |
| fixed length control field | 241127b |||||||| |||| 00| 0 eng d |
| 020 ## - INTERNATIONAL STANDARD BOOK NUMBER | |
| ISBN | 9789789012657 |
| 100 ## - MAIN ENTRY--AUTHOR | |
| Author | Habi,H. Yakubu |
| 245 ## - TITLE STATEMENT | |
| Title | William Shakespeare and the Human Dilemma |
| 260 ## - PUBLICATION, DISTRIBUTION, ETC. (IMPRINT) | |
| Place of publication | Kaduna |
| Name of publisher | Majiyebo international printers Ltd |
| Date of publication | 2009 |
| 942 ## - ADDED ENTRY ELEMENTS (KOHA) | |
| Item type | Books |
| 050 ## - LIBRARY OF CONGRESS CALL NUMBER | |
| Classification number | PR 2894 |
| Item number | .H33 |
| Source of classification or shelving scheme | Not for loan | Permanent location | Current location | Date acquired | Accession No. | Full call number | Barcode. | Koha item type |
|---|---|---|---|---|---|---|---|---|
| Library of Congress Classification | Samuel Ogbemudia Main Library, University of Abuja | Samuel Ogbemudia Main Library, University of Abuja | 11/27/2024 | 2015/45642 | PR 2894.H33 2009 | 2024-2767 | Books |